Pyramide - werenoi (ft. Damso) - Statistiques

Statistiques générales
  • Ce quiz a été pris 362 fois
  • Le résultat moyen est 263 sur 500
Statistiques - réponses
Réponse % Correct
le
90%
de
87%
con
85%
ma
85%
je
83%
à
82%
a
82%
la
82%
tu
80%
les
79%
te
77%
ce
76%
pas
76%
du
75%
dans
74%
on
74%
coupe
73%
j'ai
72%
me
70%
sa
70%
un
70%
et
69%
que
69%
tes
68%
t'es
68%
c'est
67%
car
66%
mais
66%
petit
65%
peu
65%
dit
64%
en
64%
il
64%
ne
64%
pour
64%
crier
63%
bordel
62%
fais
62%
tunnel
62%
mon
61%
comme
60%
faut
60%
ponts
60%
s'en
60%
fait
59%
j'suis
59%
couper
58%
feat
58%
carrière
57%
criminel
56%
dernier
56%
men
56%
quand
56%
qui
56%
donc
55%
vie
55%
j'fais
54%
bite
53%
ému
53%
suis
53%
déjà
52%
homme
52%
langue
52%
lui
52%
au
51%
des
51%
ennemis
51%
K
51%
ancien
50%
rappeur
50%
honnête
49%
proche
49%
pyramide
49%
se
49%
vécu
49%
moi
48%
t'a
48%
cherches
47%
connaît
47%
connait
47%
garder
47%
ont
47%
sans
47%
bien
46%
bons
46%
ou
46%
beaucoup
45%
ferme
45%
passé
45%
train
45%
beau
44%
d'l'année
44%
dramatique
44%
elle
44%
many
44%
qu'on
44%
capter
43%
j'commence
43%
j'te
43%
p't-être
43%
route
43%
si
43%
sur
43%
veux
43%
baise
42%
l'automatique
42%
vit
42%
bise
41%
dis
41%
freins
41%
raconte
41%
sois
41%
base
40%
croit
40%
maman
40%
était
39%
euros
39%
ils
39%
doucement
38%
j'manie
38%
milles
38%
qu'elle
38%
tromper
38%
champagne
37%
côté
37%
covid
37%
deux
37%
j'en
37%
papiers
37%
sous
37%
victime
37%
ans
36%
avais
36%
dix
36%
jouer
36%
l'âge
36%
majeure
36%
même
36%
og
36%
planque
36%
remettre
36%
rôle
36%
toit
36%
tout
36%
vis
36%
fini
35%
keufs
35%
vas
35%
y'a
35%
congo
34%
grands
34%
monde
34%
témoin
34%
venu
34%
vu
34%
chemin
33%
juste
33%
pointeurs
33%
rappeurs
33%
sale
33%
trouvé
33%
gueule
32%
j'me
32%
long
32%
mains
32%
parfois
32%
parle
32%
pendre
32%
terme
32%
l'rap
31%
mieux
31%
moins
31%
choix
30%
hommes
30%
kryptonite
30%
nos
30%
pourquoi
30%
vaut
30%
biz
29%
Ibrahim
29%
plutôt
29%
plutot
29%
pris
29%
qu'ils
29%
yeux
29%
besoin
28%
bossé
28%
emule
28%
mets
28%
négro
28%
reins
28%
repose
28%
tomber
28%
vite
28%
faudra
27%
j'connais
27%
j'n'aime
27%
l'ont
27%
l'orgueil
27%
nous
27%
vérité
27%
j'sais
26%
sales
26%
vrai
26%
claquer
25%
cassettes
24%
enjeux
24%
est
24%
j'la
24%
j't'aime
24%
l'aise
24%
anges
23%
contexte
23%
trop
23%
bleus
22%
t'ont
22%
cent
21%
étaient
21%
hits
21%
parfait
21%
vert
21%
coffre
20%
celui
19%
enlève
19%
liasse
19%
l'os
19%
défauts
18%
parfum
18%
j'mets
17%
perdent
17%
voir
17%
kich
15%
limewire
15%
l'rendre
15%
maigri
15%
tartés
15%
vais
15%
additionner
14%
baffes
14%
mec
14%
reprendre
14%
aux
13%
fafs
13%
j'vis
13%
l'fréro
13%
l'sac
13%
veut
13%
d'ishango
10%
sques-di
10%
rançonner
9%
misandreux
5%
re-ter-comp
4%
Aucun quiz correspondant
Distribution des résultats
% des personnes avec chaque résultat
Percentile par nombre de réponses
Votre historique - résultats
Vous n’avez pas pris ce quiz